000 00703nam a22002537a 4500
003 UA-OsUOA
001 24948
007 ta
008 20040305b un ||||| |||| 00| 0 ukr d
100 _aСафонов В.Н.
090 _a343.7
_bС12
942 _cBK
040 _aUA-OsUOA
_brus
_cUA-OsUOA
_dUA-OsUOA
245 _aОрганизованное вимогательство
_bУголовно-правовой и криминологический анализ
300 _a239 с.
955 _a0
041 _arus
080 _a343.7
020 _a5-7320-0546-3
260 _aСанкот-Петербург
_bЗнание
_c2000
044 _aRU
650 7 _2UDC
999 _c311234
_d311234